logo

Bir Sreshtho Munshi Abdur Rouf Library
Jhenaidah Cadet College

তাজউদ্দিন আহমদ / (Record no. 12601)

MARC details
000 -LEADER
fixed length control field 00834nam a2200253 a 4500
001 - CONTROL NUMBER
JCCL Control Number 12601
003 - CONTROL NUMBER IDENTIFIER
JCCL marc code BD-JhCC
005 - DATE AND TIME OF LATEST TRANSACTION
control field 20221015084321.0
008 - FIXED-LENGTH DATA ELEMENTS--GENERAL INFORMATION
fixed length control field 221015s20122019bg |||| |||| 000 0 ban d
020 ## - INTERNATIONAL STANDARD BOOK NUMBER
International Standard Book Number 9847012002476
035 ## - SYSTEM CONTROL NUMBER
system control number (BD-JhCC)12601
040 ## - CATALOGING SOURCE
Original cataloging agency BD-JhCC
Modifying agency BD-JhCC
041 ## - LANGUAGE CODE
Language code of Book beg
082 ## - DEWEY DECIMAL CLASSIFICATION NUMBER
Classification number 928
Author mark and Year JAS 2019
100 ## - MAIN ENTRY--PERSONAL NAME
Personal name জসীম, প্রত্যয়
245 ## - TITLE STATEMENT
Title তাজউদ্দিন আহমদ /
Statement of responsibility, etc প্রত্যয় জসীম
260 ## - PUBLICATION, DISTRIBUTION, ETC. (IMPRINT)
Place of publication, distribution, etc ঢাকা :
Name of publisher, distributor, etc কথাপ্রকাশ,
Date of publication, distribution, etc ২০১৯
300 ## - PHYSICAL DESCRIPTION
Pagination ৬২ পৃ. :
Dimensions ২১ সেমি.
490 ## - SERIES STATEMENT
Series statement জীবনী গ্রন্থমালা
504 ## - BIBLIOGRAPHY, ETC. NOTE
Bibliography, etc গ্রন্থপঞ্জি অন্তর্ভূক্ত।
600 ## - SUBJECT ADDED ENTRY--PERSONAL NAME
Personal name Ahmad, Tazuddin
650 ## - SUBJECT ADDED ENTRY--TOPICAL TERM
Topical term or geographic name as entry element Biography
942 ## - ADDED ENTRY ELEMENTS (KOHA)
Source of classification or shelving scheme Dewey Decimal Classification
Koha item type Books
Holdings
Source of classification or shelving scheme Damaged status Not for loan Home library Current library Shelving location Date of accession Cost, normal purchase price Total Checkouts Full call number Barcode Date last seen Copy number Koha item type Method of acquisition Currency
Dewey Decimal Classification     JCC Rouf Library JCC Rouf Library General Stacks 10/15/2022 72.00   928 JAS 2019 17501 10/15/2022 C-1 Books    
Dewey Decimal Classification     JCC Rouf Library JCC Rouf Library General Stacks   80.00   928 JAS 2012 19425 05/16/2024 C-2 Books Purchase BDT

JCC Library | Contacts | JCC Home

Last Update on 23 September 2017
Copyright @ 2017-2020 JCC Rouf Library
Rouf Library, Jhenidah Cadet College (JCC), Bangladesh